| 000 -LEADER |
| fixed length control field |
00423cam a22001337a 4500 |
| 008 - FIXED-LENGTH DATA ELEMENTS--GENERAL INFORMATION |
| fixed length control field |
180718b1952 xxu||||| |||| 00| 0 eng d |
| 082 ## - DEWEY DECIMAL CLASSIFICATION NUMBER |
| Classification number |
T3121x73 An27 |
| 100 ## - MAIN ENTRY--PERSONAL NAME |
| Personal name |
Andrews, P.W.S. |
| 245 ## - TITLE STATEMENT |
| Title |
Capital development in steel: a study of the United Steel Companies Ltd. |
| Statement of responsibility, etc. |
by P.W.S. Andrews and E. Brunner |
| 260 ## - PUBLICATION, DISTRIBUTION, ETC. |
| Place of publication, distribution, etc. |
Oxford |
| Name of publisher, distributor, etc. |
Blackwell |
| Date of publication, distribution, etc. |
1952 |
| 300 ## - PHYSICAL DESCRIPTION |
| Extent |
374p. |
| 650 ## - SUBJECT ADDED ENTRY--TOPICAL TERM |
| Topical term or geographic name entry element |
United Steel Companies |
| 700 ## - ADDED ENTRY--PERSONAL NAME |
| Personal name |
Brunner, E. |